| 000 | 00551nam a2200205 a 4500 | ||
|---|---|---|---|
| 001 | 62153 | ||
| 003 | BD-RjUL | ||
| 005 | 20211209081041.0 | ||
| 008 | 170123s1967 pk a|||| |||| 000 0 eng d | ||
| 035 | _a(BD-RjUL)62278 | ||
| 040 |
_aBD-RjUL _beng _cBD-RjUL |
||
| 041 | _aeng | ||
| 082 |
_223 _a658 _bQAP 1967 |
||
| 100 |
_aQadir, M. A. _9184891 |
||
| 245 |
_aPrinciples of management / _cM. A. Qadir. |
||
| 260 |
_aKarachi : _bIqbal Publishing House, _c1967. |
||
| 300 |
_a208 p. : _bill. ; _c23 cm. |
||
| 650 |
_aManagement _9172842 |
||
| 942 |
_2ddc _cBK |
||
| 999 |
_c62153 _d62153 |
||